International routes from Charles de Gaulle International Airport(CDG) - Statistics

General Stats
  • This quiz has been taken 35 times
  • The average score is 318 of 408
Answer Stats
Airline International Route Country % Correct
Air Algerie Algiers Algeria
100%
Air France Algiers Algeria
100%
ASL Airlines France Algiers Algeria
100%
Air France Amsterdam Netherlands
100%
KLM Amsterdam Netherlands
100%
Aegean Airlines Athens Greece
100%
Air France Athens Greece
100%
Sky Express Athens Greece
100%
Air France Barcelona Spain
100%
Vueling Barcelona Spain
100%
Air France Bucharest-Otopeni Romania
100%
Animawings Bucharest-Otopeni Romania
100%
FlyOne Bucharest-Otopeni Romania
100%
HiSky Bucharest-Otopeni Romania
100%
TAROM Bucharest-Otopeni Romania
100%
Air France Cairo Egypt
100%
Egyptair Cairo Egypt
100%
Air France Casablanca Morocco
100%
Royal Air Maroc Casablanca Morocco
100%
Air France Copenhagen Denmark
100%
easyJet Copenhagen Denmark
100%
Norwegian Air Shuttle Copenhagen Denmark
100%
Scandinavian Airlines Copenhagen Denmark
100%
Air France Madrid Spain
100%
Iberia Madrid Spain
100%
Air Arabia Rabat Morocco
100%
Air France Rabat Morocco
100%
easyJet Rabat Morocco
100%
Royal Air Maroc Rabat Morocco
100%
Air France Sofia Bulgaria
100%
Bulgaria Air Sofia Bulgaria
100%
Air France Tel Aviv Israel
100%
arkia Tel Aviv Israel
100%
ASL Airlines France Tel Aviv Israel
100%
El Al Tel Aviv Israel
100%
FLYYO Tel Aviv Israel
100%
Israir Tel Aviv Israel
100%
Aircalin Bangkok-Survarnabhumi Thailand
95%
Air France Bangkok-Suvarnabhumi Thailand
95%
Thai Airways Bangkok-Suvarnabhumi Thailand
95%
Air France Berlin Germany
95%
easyJet Berlin Germany
95%
Air France Bilbao Spain
95%
Air France Bogota Colombia
95%
Avianca Bogota Colombia
95%
Air France Budapest Hungary
95%
easyJet Budapest Hungary
95%
Air France Cancun Mexico
95%
Air France Dakar-Diass Senegal
95%
Air Senegal Dakar-Diass Senegal
95%
Air France Delhi India
95%
Air India Delhi India
95%
Aer Lingus Dublin Ireland
95%
Air France Dublin Ireland
95%
Air France Dusseldorf Germany
95%
Air France Lisbon Portugal
95%
easyJet Lisbon Portugal
95%
Air France Marrakesh Morocco
95%
easyJet Marrakesh Morocco
95%
Royal Air Maroc Marrakesh Morocco
95%
Aeromexico Mexico City Mexico
95%
Air France Mexico City Mexico
95%
Air Canada Montreal-Trudeau Canada
95%
Air France Montreal-Trudeau Canada
95%
Air Transat Montreal-Trudeau Canada
95%
Air France Mumbai-Shivaji India
95%
Air France Munich Germany
95%
Lufthansa Munich Germany
95%
Lufthansa City Airlines Munich Germany
95%
Air France Oslo Norway
95%
easyJet Oslo Norway
95%
Norwegian Air Shuttle Oslo Norway
95%
Scandinavian Airlines Oslo Norway
95%
Air France Palma de Mallorca Spain
95%
Air Nostrum Palma de Mallorca Spain
95%
easyJet Palma de Mallorca Spain
95%
Air France Seville Spain
95%
Vueling Seville Spain
95%
Aegean Airlines Thessaloniki Greece
95%
Air France Tokyo-Haneda Japan
95%
All Nippon Airways Tokyo-Haneda Japan
95%
Japan Airlines Tokyo-Haneda Japan
95%
Air Canada Toronto-Pearson Canada
95%
Air France Toronto-Pearson Canada
95%
Air Transat Toronto-Pearson Canada
95%
Air France Vienna Austria
95%
Austrian Airlines Vienna Austria
95%
Air France Zurich Switzerland
95%
Swiss International Airlines Zurich Switzerland
95%
Air France Bamako Mali
91%
Air China Beijing-Capital China
91%
Air France Beijing-Capital China
91%
Air France Beirut Lebanon
91%
Middle East Airlines Beirut Lebanon
91%
Air Serbia Belgrade Serbia
91%
easyJet Belgrade Serbia
91%
Air France Boston United States of America
91%
Delta Air Lines Boston United States of America
91%
JetBlue Boston United States of America
91%
Brussels Airlines Brussels Belgium
91%
TUI fly Belgium Brussels Belgium
91%
Air France Cork Ireland
91%
Air France Dubai-International United Arab Emirates
91%
Emirates Dubai-International United Arab Emirates
91%
Air France Helsinki Finland
91%
Finnair Helsinki Finland
91%
Air France Hong Kong China
91%
Cathay Pacific Hong Kong China
91%
Air France Istanbul Turkiye
91%
Turkish Airlines Istanbul Turkiye
91%
Pegasus Airlines Istanbul-Saibha Gocken Turkiye
91%
AJet Istanbul-Saibha Gokcen Turkiye
91%
Air France Krakow Poland
91%
easyJet Krakow Poland
91%
easyJet London-Gatwick United Kingdom
91%
Air France London-Heathrow United Kingdom
91%
British Airways London-Heathrow United Kingdom
91%
easyJet London-Luton United Kingdom
91%
easyJet London-Southend United Kingdom
91%
easyJet London-Stansted United Kingdom
91%
Air France Milan-Linate Italy
91%
easyJet Milan-Linate Italy
91%
ITA Airways Milan-Linate Italy
91%
Air France Milan-Malpensa Italy
91%
easyJet Milan-Malpensa Italy
91%
Air France Naples Italy
91%
Air France New York-JFK United States of America
91%
American Airlines New York-JFK USA
91%
Delta Air Lines New York-JFK United States of America
91%
JetBlue New York-JFK United States of America
91%
Air France Rome-Fiumicino Italy
91%
ITA Airways Rome-Fiumicino Italy
91%
Air France San Francisco United States of America
91%
Air France Seattle/Tacoma United States of America
91%
Delta Air Lines Seattle/Tacoma United States of America
91%
Air France Seoul-Incheon South Korea
91%
Asiana Airlines Seoul-Incheon South Korea
91%
Korean Air Seoul-Incheon South Korea
91%
T'way air Seoul-Incheon South Korea
91%
Air France Shanghai-Pudong China
91%
China Eastern Airlines Shanghai-Pudong China
91%
airBaltic Tallinn Estonia
91%
Air France Tunis Tunisia
91%
Nouvelair Tunis Tunisia
91%
Air France Turin Italy
91%
airBaltic Vilnius Lithuania
91%
Air France Warsaw-Chopin Poland
91%
LOT Polish Airlines Warsaw-Chopin Poland
91%
Air France Antananarivo Madagascar
86%
Air France Atlanta United States of America
86%
Delta Air Lines Atlanta United States of America
86%
Air France Bengaluru India
86%
Air France Bergen Norway
86%
Norwegian Air Shuttle Bergen Norway
86%
Air France Brazzaville Republic of Congo
86%
Air France Buenos Aires-Ezeira Argentina
86%
Air France Cape Town South Africa
86%
Air China Chengdu-Tianfu China
86%
Hainan Airlines Chongqing China
86%
Air France Dallas-Fort Worth United States of America
86%
American Airlines Dallas-Fort Worth
86%
Air France Denver United States of America
86%
Air France Edinburgh United Kingdom
86%
easyJet Edinburgh United Kingdom
86%
Air France Florence Italy
86%
Condor Frankfurt Germany
86%
Lufthansa Frankfurt Germany
86%
Eurowings Hamburg Germany
86%
Air France Hannover Germany
86%
Air France Houston-Intercontinental United States of America
86%
Air France Kinshasa-N'djili DRC
86%
Air France Lagos Nigeria
86%
Air France Lima Peru
86%
Air France Los Angeles United States of America
86%
Air Tahiti Nui Los Angeles United States of America
86%
Delta Air Lines Los Angeles United States of America
86%
Norse Atlantic Airways Los Angeles United States of America
86%
Air France Malaga Spain
86%
Air France Manchester United Kingdom
86%
easyJet Manchester United Kingdom
86%
Air France Miami United States of America
86%
American Airlines Miami USA
86%
Air France Orlando United States of America
86%
Air France Palermo Italy
86%
easyJet Palermo Italy
86%
ASL Airlines France Pristina Kosovo
86%
airBaltic Riga Latvia
86%
Cabo Verde Airlines Sal Cape Verde
86%
Air France Sao Paulo-Guarulhos Brazil
86%
LATAM Brasil Sao Paulo-Guarulhos Brazil
86%
Air France Stockholm-Arlanda Sweden
86%
Norwegian Air Shuttle Stockholm-Arlanda Sweden
86%
Scandinavian Airlines Stockholm-Arlanda Sweden
86%
Air France Stuttgart Germany
86%
Air Arabia Tangier Morocco
86%
Air France Valencia Spain
86%
Air France Vancouver Canada
86%
Air France Venice Italy
86%
easyJet Venice Italy
86%
Air France Washington-Dulles United States of America
86%
United Airlines Washington-Dulles United States of America
86%
Air France Abuja Nigeria
82%
AJet Ankara Turkiye
82%
Pegasus Airlines Ankara Turkiye
82%
SunExpress Ankara Turkiye
82%
Air France Bari Italy
82%
easyJet Bari Italy
82%
Air France Basel Switzerland/France
82%
Air France Chicago-O'Hare United States of America
82%
American Airlines Chicago-O'Hare USA
82%
United Airlines Chicago-O'Hare United States of America
82%
Air France Detroit United States of America
82%
Delta Air Lines Detroit United States of America
82%
Air Arabia Fes Morocco
82%
China Southern Airlines Guangzhou China
82%
Vietnam Airlines Hanoi Vietnam
82%
Air France Ho Chi Minh City Vietnam
82%
easyJet Liverpool United Kingdom
82%
Air Cairo Luxor Egypt
82%
Egyptair Luxor Egypt
82%
Air France Minneapolis/St.Paul United States of America
82%
Delta Air Lines Minneapolis/St.Paul United States of America
82%
Aeromexico Monterrey Mexico
82%
Air France Nairobi-Jomo Kenyatta Kenya
82%
Kenya Airways Nairobi-Jomo Kenyatta Kenya
82%
Air France Newcastle United Kingdom
82%
easyJet Newcastle United Kingdom
82%
Air France Nuremburg Germany
82%
Air France Osaka-Kansai Japan
82%
Air France Panama City Panama
82%
American Airlines Philadelphia USA
82%
Air France Phuket Thailand
82%
Air France Prague Czechia
82%
Smartwings Prague Czechia
82%
Air France Riyadh Saudi Arabia
82%
Saudia Riyadh Saudi Arabia
82%
Aer Lingus Shannon Ireland
82%
Air France Tenerife-South Spain
82%
easyJet Tenerife-South Spain
82%
Air France Zagreb Croatia
82%
Croatia Airlines Zagreb Croatia
82%
Air Cote d'Ivorie Abidjan Cote d'Ivorie(Ivory Coast)
77%
Air France Abidjan Cote d'Ivorie(Ivory Coast)
77%
easyJet Belfast-International United Kingdom
77%
Air France Birmingham United Kingdom
77%
easyJet Birmingham United Kingdom
77%
Air France Bologna Italy
77%
WestJet Calgary Canada
77%
American Airlines Charlotte USA
77%
Air France Dubrovnik Croatia
77%
Croatia Airlines Dubrovnik Croatia
77%
Air France Faro Portugal
77%
Air France Havana Cuba
77%
Aegean Airlines Heraklion Greece
77%
Air France Heraklion Greece
77%
Air France Lome Togo
77%
Air France Manila Phillippines
77%
Air France Newark United States of America
77%
United Airlines Newark United States of America
77%
Air France Nouakchott Mauritania
77%
Air France Ottawa Canada
77%
Air France Santiago de Chile Chile
77%
easyJet Sharm El Sheikh Egypt
77%
Air France Singapore Singapore
77%
Singapore Airlines Singapore Singapore
77%
Air France Split Croatia
77%
Croatia Airlines Split Croatia
77%
easyJet Split Croatia
77%
Air France Tbilisi Georgia
77%
Georgian Airways Tbilisi Georgia
77%
Xiamenair Xiamen China
77%
Hainan Airlines Xi'an China
77%
Air France Yaounde Cameroon
77%
Etihad Airways Abu Dhabi United Arab Emirates
73%
easyJet Agadir Morocco
73%
Corendon Airlines Antalya Turkiye
73%
SunExpress Antalya Turkiye
73%
Azerbaijan Airlines Baku Azerbaijan
73%
Air France Billund Denmark
73%
Air France Conakry Guniea
73%
Air France Cotonou Benin
73%
Qatar Airways Doha Qatar
73%
Air France Douala Cameroon
73%
easyJet Funchal Portugal
73%
Air France Ibiza Spain
73%
Corendon Airlines Izmir Turkiye
73%
SunExpress Izmir Turkiye
73%
Saudia Jeddah Saudi Arabia
73%
Air France Ljubljana Slovenia
73%
Air France Luanda Angola
73%
Luxair Luxembourg Luxembourg
73%
Oman Air Muscat Oman
73%
Air Montenegro Podgorica Montenegro
73%
Air France Port Louis Mauritius
73%
Air Mauritius Port Louis Mauritius
73%
Icelandair Reykjavik Iceland
73%
Air France San Jose Costa Rica
73%
Air France Tromso Norway
73%
easyJet Tromso Norway
73%
Norwegian Air Shuttle Tromso Norway
73%
Air France Yerevan Armenia
73%
Air France Zanzibar Tanzania
73%
Air France Cagliari Italy
68%
Air France Catania Italy
68%
easyJet Catania Italy
68%
FlyOne Chisinau Moldova
68%
SkyUp Airlines Chisinau Moldova
68%
Air France Gran Canaria Spain
68%
Vueling Gran Canaria Spain
68%
WestJet Halifax Canada
68%
easyJet Hurghada Egypt
68%
Rwandair Kigali Rwanda
68%
Malaysia Airlines Kuala Lumpur-International Malaysia
68%
Air France Malabo Equatorial Guinea
68%
Air France Male Maldives
68%
Air France Mykonos Greece
68%
Air France N'Djamena Chad
68%
Air France Niamey Niger
68%
Air France Phoenix-Sky Harbor United States of America
68%
Air France Quebec City Canada
68%
Air Transat Quebec City Canada
68%
Air France Rhodes Greece
68%
Sky Express Rhodes Greece
68%
Air France Salzburg Austria
68%
Hainan Airlines Shenzhen China
68%
EVA Air Taipei-Taoyuan Taiwan
68%
Air France Tirana Albania
68%
Air France Valletta Malta
68%
Air France Verona Italy
68%
easyJet Bristol United Kingdom
64%
SriLankan Airlines Colombo Sri Lanka
64%
Air France Corfu Greece
64%
ASL Airlines France Corfu Algeria
64%
easyJet Corfu Greece
64%
Air France Djibouti Djibouti
64%
easyJet Glasgow United Kingdom
64%
Pakistan International Airlines Islamabad Pakistan
64%
Cyprus Airlines Larnaca Cyprus
64%
easyJet Larnaca Cyprus
64%
Tus Airways Larnaca Cyprus
64%
Air France Las Vegas United States of America
64%
Air France Libreville Gabon
64%
Gulf Air Manama Bahrain
64%
Air France Ouagadougou Burkina Faso
64%
Qantas Perth Australia
64%
Cabo Verde Airlines Praia Cape Verde
64%
Air France Santorini Greece
64%
Qantas Sydney Australia
64%
Uzbekistan Airways Tashkent Uzbekistan
64%
Ethiopian Airlines Addis Ababa Ethiopia
59%
Royal Jordanian Amman Jordan
59%
Air France Fortaleza Brazil
59%
Kuwait Airways Kuwait City Kuwait
59%
Saudia Medina Saudi Arabia
59%
Air Algerie Oran Algeria
59%
Air France Oran Algeria
59%
Azores Airlines Ponta Delgada Portugal
59%
Air France Punta Cana Dominican Republic
59%
Air France Rovaniemi Finland
59%
easyJet Rovaniemi Finland
59%
Air France Salvador da Bahia Brazil
59%
Norwegian Air Shuttle Stavanger Norway
59%
Bulgaria Air Varna Bulgaria
59%
easyJet Menorca Spain
55%
Air France Olbia Italy
55%
Nouvelair Sfax Tunisia
55%
Air France Djerba Tunisia
50%
ASL Airlines France Djerba Tunisia
50%
Air France Kilimanjaro Tanzania
50%
Nouvelair Monastir Tunisia
50%
China Eastern Airlines Nanjing China
50%
Air Algerie Constantine Algeria
45%
easyJet Fuerteventura Spain
45%
Delta Air Lines Salt Lake City United States of America
45%
easyJet Aberdeen United Kingdom
41%
Aurigny Guernsey United Kingdom
41%
Air France Kittila Finland
41%
easyJet Kittila Finland
41%
Air Arabia Oujda Morocco
41%
ASL Airlines France Oujda Morocco
41%
Royal Air Maroc Oujda Morocco
41%
Air France Bangui The Gambia
36%
Delta Air Lines Cincinnati United States of America
36%
easyJet Heraklion Greece
36%
Sky Express Heraklion Greece
36%
easyJet Nice France
36%
Atlantic Airways Vagar Denmark
36%
KM Malta Airlines Valetta Malta
36%
Air France Kalamata Greece
32%
Cabo Verde Airlines Sao Vicente Cape Verde
32%
WestJet St.John's Canada
32%
Air Algerie Tlemcen Algeria
27%
Air Algerie Biskra Algeria
23%
Air Algerie Annaba Algeria
18%
Air Algerie Bejaia Algeria
18%
Air France Kiruna Sweden
18%
Uzbekistan Airways Urgench Uzbekistan
18%
Air Algerie El Oued Algeria
14%
easyJet Leeds Bradford United Kingdom
9%
Jet2.com Leeds Bradford United Kingdom
9%
Vietnam Airlines Ho Chin Minh City Vietnam
5%
Air France Raliegh/Durham United States of America
5%
Air France Rio de Janiero-Galeao Brazil
5%
Air Algerie Chelf Algeria
0%
Air France Johnnesburg-O.R. Tambo South Africa
0%
easyJet Laznarote Spain
0%
World2Fly Madird Spain
0%
United Airlines San Franscisco United States of America
0%
No matching quizzes found
Score Distribution
Percent of People with Each Score
Percentile by Number Answered
Your Score History
You have not taken this quiz